00315nam a2200109 4500082001300000100002700013245009000040260003300130300001000163650001200173700002000185 aI513 N19 aNath, B. Adyanand, ed. a101 great artists who shaped the worldcedited by B. Adyanand Nath and N.K. Choudhary aNew DelhibRobin Booksc2012 a271p. aArtists aChoudhary, N.K.